Les Régions géographiques de la France : la France méridionale (Record no. 35388)

MARC details
000 -LEADER
fixed length control field 00756 a2200289 4500
037 ## - SOURCE OF ACQUISITION
Stock number 6938
037 ## - SOURCE OF ACQUISITION
Stock number 6513
044 ## - COUNTRY OF PUBLISHING/PRODUCING ENTITY CODE
ISO country code France
020 ## - NUMERO INTERNATIONAL NORMALISE DES LIVRES
International Standard Book Number
100 ## - VEDETTE PRINCIPALE - NOM DE PERSONNE
Personal name <Le>LANNOU, Maurice
100 ## - VEDETTE PRINCIPALE - NOM DE PERSONNE
Language of a work Fr
260 ## - PUBLICATION, DISTRIBUTION, ETC. (IMPRINT)
Place of publication, distribution, etc Paris
260 ## - PUBLICATION, DISTRIBUTION, ETC. (IMPRINT)
Name of publisher, distributor, etc SEDES
245 ## - TITLE STATEMENT
Title Les Régions géographiques de la France : la France méridionale
260 ## - PUBLICATION, DISTRIBUTION, ETC. (IMPRINT)
Date of publication, distribution, etc 1967
250 ## - EDITION STATEMENT
Edition statement 3e éd. rev et corr.
300 ## - PHYSICAL DESCRIPTION
Extent 212 p .
300 ## - PHYSICAL DESCRIPTION
Other physical details 24 cm
630 ## - SUBJECT ADDED ENTRY--UNIFORM TITLE
Uniform title 91 - Geographie. Exploration de la terre, des diverses regions, des divers pays. Voyages. Geographie regionale
650 ## - SUBJECT ADDED ENTRY--TOPICAL TERM
Topical term or geographic name as entry element 9 - GEOGRAPHIE ET HISTOIRE
650 ## - SUBJECT ADDED ENTRY--TOPICAL TERM
Topical term or geographic name as entry element Géographie de France
650 ## - SUBJECT ADDED ENTRY--TOPICAL TERM
Topical term or geographic name as entry element France
650 ## - SUBJECT ADDED ENTRY--TOPICAL TERM
Topical term or geographic name as entry element Europe
650 ## - SUBJECT ADDED ENTRY--TOPICAL TERM
Topical term or geographic name as entry element Région
Holdings
Withdrawn status Lost status Damaged status Not for loan Location (home branch) Sublocation or collection (holding branch) Date acquired Koha issues (times borrowed) Koha full call number Koha date last seen Price effective from Koha item type
        Bibliothèque Universitaire Centrale Bibliothèque Universitaire Centrale 28/02/2009   914.4 LEL 28/02/2009 28/02/2009 Livre


© 2008, Bibliothèques de l'Université d'Abomey-Calavi

04 BP 789 Cotonou, Tél. : +229 21 36 01 01, Fax : +229 21 35 06 32

Courriel : bu@bu.uac.bj